[Event "Buenos Aires Duchamp Memorial op 5th"]
[Site "Buenos Aires"]
[Date "2013.03.24"]
[Round "3"]
[White "Santiago, Yago de Moura"]
[Black "Novoa, Fernando"]
[Result "1-0"]
[WhiteElo "2411"]
[BlackElo "2064"]
[PlyCount "71"]
[EventDate "2013.03.23"]
[EventType "swiss"]
[EventRounds "8"]
[EventCountry "ARG"]
[SourceTitle "CBM 153 Extra"]
[Source "ChessBase"]
[SourceDate "2013.04.22"]
[SourceVersion "1"]
[SourceVersionDate "2013.04.22"]
[SourceQuality "1"]

1. Nf3 c5 2. e4 Nc6 3. d4 cxd4 4. Nxd4 g6 5. Nc3 Bg7 6. Be3 Nf6 7. Bc4 0-0 8. Bb3 a5 9. 0-0 a4 10. Nxa4 Nxe4 11. Nb5 Ra6 12. Qe2 Nf6 13. Rad1 d6 14. c4 Na5 15. Bc2 Be6 16. b3 Qc8 17. Nb6 Qd8 18. Nd5 Nc6 19. a3 Bxd5 20. cxd5 Ne5 21. b4 Qd7 22. h3 Rc8 23. Bb3 Qf5 24. Rc1 Raa8 25. Rcd1 Qh5 26. Rfe1 Qxe2 27. Rxe2 Nc4 28. Bc1 Kf8 29. Rc2 Nb6 30. Nc7 Rab8 31. Be3 Nfd7 32. a4 Rd8 33. a5 Nc8 34. Rdc1 Ne5 35. b5 b6 36. Na6 1-0

[Event "Gibraltar Masters 11th"]
[Site "Caleta"]
[Date "2013.01.29"]
[Round "8"]
[White "Loew, Gerald"]
[Black "Novoa, Fernando"]
[Result "0-1"]
[WhiteElo "2231"]
[BlackElo "2017"]
[PlyCount "178"]
[EventDate "2013.01.22"]
[EventType "swiss"]
[EventRounds "10"]
[EventCountry "GGB"]
[SourceTitle "CBM 153"]
[Source "ChessBase"]
[SourceDate "2013.03.14"]
[SourceVersion "1"]
[SourceVersionDate "2013.03.14"]
[SourceQuality "1"]

1. c4 c5 2. g3 g6 3. Bg2 Bg7 4. Nc3 Nc6 5. a3 d6 6. Rb1 a5 7. Nf3 e5 8. 0-0 Nge7 9. Ne1 Be6 10. d3 0-0 11. Nc2 d5 12. cxd5 Nxd5 13. Ne3 Nde7 14. Bd2 Rb8 15. Ne4 b6 16. b4 axb4 17. axb4 cxb4 18. Bxb4 Nxb4 19. Rxb4 Nc6 20. Rb1 Nd4 21. Nc3 Qd7 22. Ned5 b5 23. Qd2 Rfc8 24. e3 Nc6 25. Nb4 Nxb4 26. Rxb4 Bf8 27. Rbb1 b4 28. Ne4 Be7 29. Qb2 f5 30. Nd2 Bf6 31. Nf3 Qxd3 32. Nxe5 Qc3 33. Nd3 Qxb2 34. Nxb2 Ba2 35. Rbd1 Bxb2 36. Rd2 Bc4 37. Rxb2 Bxf1 38. Bd5+ Kg7 39. Kxf1 Rc5 40. Bb3 Rd8 41. h4 h6 42. Ke2 Kf6 43. Ba4 Rb8 44. Bb3 g5 45. hxg5+ hxg5 46. Ra2 Rb7 47. Ra6+ Kg7 48. Ra1 Rc3 49. Rb1 Rb8 50. Rb2 Kf6 51. Rb1 Ke5 52. Rb2 f4 53. gxf4+ gxf4 54. exf4+ Kxf4 55. Rb1 Re8+ 56. Kf1 Re4 57. Bd5 Rd4 58. Bf7 Kf3 59. Bh5+ Kf4 60. Bf7 Kf3 61. Bh5+ Ke4 62. Bg6+ Kd5 63. Bf7+ Kc5 64. Rb2 Rf4 65. Bb3 Rff3 66. Bd1 Rc1 67. Ke2 Rxf2+ 68. Kxf2 Rxd1 69. Ke2 Rd4 70. Ke3 Rd1 71. Ke2 Rc1 72. Kd2 Rc4 73. Kd3 Rc3+ 74. Kd2 Kc4 75. Ra2 Kb3 76. Ra8 Kb2 77. Rb8 b3 78. Ra8 Rc2+ 79. Kd1 Kb1 80. Rb8 b2 81. Ra8 Rc4 82. Kd2 Rd4+ 83. Ke3 Kc2 84. Rc8+ Kd1 85. Kxd4 b1Q 86. Rc5 Kd2 87. Rc3 Qb4+ 88. Rc4 Qd6+ 89. Ke4 Qd3+ 0-1

[Event "Gibraltar Masters 11th"]
[Site "Caleta"]
[Date "2013.01.28"]
[Round "7"]
[White "Novoa, Fernando"]
[Black "Rudolf, Anna"]
[Result "1/2-1/2"]
[WhiteElo "2017"]
[BlackElo "2312"]
[PlyCount "60"]
[EventDate "2013.01.22"]
[EventType "swiss"]
[EventRounds "10"]
[EventCountry "GGB"]
[SourceTitle "CBM 153"]
[Source "ChessBase"]
[SourceDate "2013.03.14"]
[SourceVersion "1"]
[SourceVersionDate "2013.03.14"]
[SourceQuality "1"]

1. d4 d5 2. c4 e6 3. Nf3 Nf6 4. g3 Bb4+ 5. Bd2 Bxd2+ 6. Nbxd2 0-0 7. Bg2 b6 8. 0-0 Bb7 9. Rc1 Nbd7 10. cxd5 exd5 11. Ne5 Nxe5 12. dxe5 Ng4 13. Nf3 Qe7 14. Qd4 f5 15. b4 c6 16. h3 Nh6 17. Ne1 Nf7 18. f4 Nd8 19. Nd3 Ne6 20. Qb2 Rac8 21. Rfd1 Rfd8 22. e3 Ba6 23. Qa3 Bb5 24. Qb2 Qf7 25. Kh2 Qg6 26. Ne1 Rc7 27. Nf3 Qf7 28. Nd4 Nxd4 29. exd4 Bc4 30. a4 Qe6 1/2-1/2

[Event "Gibraltar Masters 11th"]
[Site "Caleta"]
[Date "2013.01.25"]
[Round "4"]
[White "Bergstrom, Rolf"]
[Black "Novoa, Fernando"]
[Result "1/2-1/2"]
[WhiteElo "2286"]
[BlackElo "2017"]
[PlyCount "55"]
[EventDate "2013.01.22"]
[EventType "swiss"]
[EventRounds "10"]
[EventCountry "GGB"]
[SourceTitle "CBM 153"]
[Source "ChessBase"]
[SourceDate "2013.03.14"]
[SourceVersion "1"]
[SourceVersionDate "2013.03.14"]
[SourceQuality "1"]

1. e4 c5 2. Nf3 Nc6 3. Bb5 g6 4. Bxc6 dxc6 5. d3 Bg7 6. h3 e5 7. Nbd2 Qe7 8. Nc4 f6 9. Be3 Be6 10. 0-0 Nh6 11. Qd2 Nf7 12. Qa5 Bxc4 13. dxc4 b6 14. Qc3 0-0 15. a3 f5 16. Rad1 f4 17. Bc1 Rad8 18. b3 Rd6 19. Bb2 Rfd8 20. Rxd6 Qxd6 21. a4 a5 22. Re1 g5 23. Re2 Qd1+ 24. Re1 Qd6 25. Re2 Qd1+ 26. Re1 Qd6 27. Re2 Qd1+ 28. Re1 1/2-1/2

[Event "Gibraltar Masters 11th"]
[Site "Caleta"]
[Date "2013.01.22"]
[Round "1"]
[White "Novoa, Fernando"]
[Black "Moreno Tejera, Emilio"]
[Result "1/2-1/2"]
[WhiteElo "2017"]
[BlackElo "2413"]
[PlyCount "102"]
[EventDate "2013.01.22"]
[EventType "swiss"]
[EventRounds "10"]
[EventCountry "GGB"]
[SourceTitle "CBM 153"]
[Source "ChessBase"]
[SourceDate "2013.03.14"]
[SourceVersion "1"]
[SourceVersionDate "2013.03.14"]
[SourceQuality "1"]

1. d4 Nf6 2. c4 g6 3. Nc3 Bg7 4. e4 d6 5. Be2 0-0 6. Bg5 h6 7. Be3 c5 8. d5 e6 9. h3 exd5 10. exd5 Re8 11. Qd2 Kh7 12. Nf3 b5 13. cxb5 Nbd7 14. a4 a6 15. 0-0 Ne4 16. Nxe4 Rxe4 17. Qc2 Rb4 18. Rab1 axb5 19. Bxb5 Nb6 20. b3 Nxd5 21. Bd2 Rxb5 22. axb5 Bf5 23. Qc4 Bxb1 24. Qxd5 Bf5 25. Qxf7 Qd7 26. Qd5 Rb8 27. Bf4 Bf8 28. Re1 Rxb5 29. Nd2 Qb7 30. Qxb7+ Rxb7 31. Re8 Be7 32. Nc4 d5 33. Na5 Rd7 34. Be5 g5 35. Nc6 Bd6 36. Rh8+ Kg6 37. Rg8+ Kf7 38. Rh8 Bf8 39. Bb2 Ke8 40. Ne5 Rb7 41. Ba3 Rb5 42. g4 Bc2 43. Bxc5 Rxc5 44. Rxf8+ Kxf8 45. Nd7+ Ke7 46. Nxc5 Kd6 47. b4 d4 48. Kf1 Kd5 49. Ke2 Kc4 50. Kd2 Bg6 51. Ne6 Be4 1/2-1/2

[Event "Buenos Aires Duchamp Memorial op 4th"]
[Site "Buenos Aires"]
[Date "2012.10.25"]
[Round "4"]
[White "Novoa, Fernando"]
[Black "Gimenez, Santiago"]
[Result "0-1"]
[WhiteElo "2017"]
[BlackElo "2260"]
[PlyCount "94"]
[EventDate "2012.10.22"]
[EventType "swiss"]
[EventRounds "9"]
[EventCountry "ARG"]
[SourceTitle "EXT 2013"]
[Source "ChessBase"]
[SourceDate "2012.11.22"]
[SourceVersion "1"]
[SourceVersionDate "2012.11.22"]
[SourceQuality "1"]

1. d4 Nf6 2. c4 g6 3. Nc3 Bg7 4. e4 d6 5. Be2 0-0 6. Bg5 c5 7. d5 a6 8. a4 h6 9. Be3 e6 10. h3 exd5 11. exd5 Re8 12. Qd2 Kh7 13. Nf3 Bf5 14. 0-0 Ne4 15. Nxe4 Bxe4 16. a5 Nd7 17. Ra2 Qf6 18. b4 Rac8 19. Rc1 Qe7 20. Ne1 cxb4 21. Qxb4 Nc5 22. Rd2 Rc7 23. Rdd1 Rec8 24. Nd3 Bxd3 25. Bxd3 Nxd3 26. Rxd3 Qe4 27. Rdd1 Be5 28. Qb3 Rxc4 29. Rxc4 Qxc4 30. Qxb7 Rc7 31. Qb8 Rc8 32. Qb7 Rc7 33. Qb8 Kg7 34. Qb1 Qa4 35. Bb6 Rc2 36. g3 Qc4 37. Re1 Qc3 38. Be3 h5 39. Qd1 Ra2 40. Qc1 Qxa5 41. Bh6+ Kh7 42. Rxe5 dxe5 43. Kg2 Qxd5+ 44. Kg1 Qd4 45. Qe3 Qxe3 46. Bxe3 Kg7 47. Kf1 h4 0-1

[Event "Wch U14"]
[Site "Caldas Novas"]
[Date "2011.11.22"]
[Round "5"]
[White "Novoa, Fernando"]
[Black "Borda, Cesar Armando"]
[Result "1/2-1/2"]
[WhiteElo "2048"]
[BlackElo "1876"]
[PlyCount "73"]
[EventDate "2011.11.18"]
[EventType "swiss"]
[EventRounds "9"]
[EventCountry "BRA"]
[SourceTitle "EXT 2013"]
[Source "ChessBase"]
[SourceDate "2012.11.22"]
[SourceVersion "1"]
[SourceVersionDate "2012.11.22"]
[SourceQuality "1"]

1. d4 Nf6 2. c4 g6 3. Nc3 d5 4. Nf3 Bg7 5. e3 0-0 6. Bd2 b6 7. Be2 Bb7 8. 0-0 Nbd7 9. Rc1 c5 10. b3 e6 11. cxd5 Nxd5 12. Nxd5 Bxd5 13. Bc3 Re8 14. Qc2 Rc8 15. Qb2 c4 16. bxc4 Bxc4 17. Bxc4 Rxc4 18. Nd2 Rc8 19. Rfd1 Nf6 20. Qb3 Qd5 21. Qb1 Rc7 22. e4 Qb7 23. f3 Rec8 24. Bb2 Ne8 25. Nb3 Bh6 26. Rxc7 Nxc7 27. Bc1 Bxc1 28. Rxc1 Na6 29. Rxc8+ Qxc8 30. Qc1 Qxc1+ 31. Nxc1 Kf8 32. Kf2 Nc7 33. Ke3 Ke7 34. Kd3 Kd6 35. Kc4 Kc6 36. Nd3 b5+ 37. Kb3 1/2-1/2

[Event "Wch U14"]
[Site "Caldas Novas"]
[Date "2011.11.20"]
[Round "3"]
[White "Novoa, Fernando"]
[Black "Plotkin, Mark"]
[Result "1/2-1/2"]
[WhiteElo "2048"]
[BlackElo "1826"]
[PlyCount "129"]
[EventDate "2011.11.18"]
[EventType "swiss"]
[EventRounds "9"]
[EventCountry "BRA"]
[SourceTitle "EXT 2013"]
[Source "ChessBase"]
[SourceDate "2012.11.22"]
[SourceVersion "1"]
[SourceVersionDate "2012.11.22"]
[SourceQuality "1"]

1. d4 Nf6 2. c4 g6 3. Nc3 d5 4. Nf3 Bg7 5. Qb3 dxc4 6. Qxc4 0-0 7. e4 a6 8. Qb3 Bg4 9. Be3 b6 10. Be2 Nc6 11. Rd1 Nd7 12. e5 Na5 13. Qa4 c6 14. b4 Nb7 15. h3 b5 16. Qc2 Bf5 17. Qc1 Nb6 18. Bh6 Nd5 19. Bxg7 Kxg7 20. a3 Qb6 21. 0-0 a5 22. Nxd5 cxd5 23. Qb2 Rac8 24. Rc1 Nd8 25. Rxc8 Bxc8 26. Rc1 Bd7 27. Nd2 a4 28. Nf3 Ne6 29. Qd2 Rc8 30. Rxc8 Bxc8 31. Qc3 Bd7 32. g3 Qc7 33. Qxc7 Nxc7 34. Kg2 Bf5 35. Nd2 Bc2 36. Kf3 f6 37. Ke3 Kf7 38. f4 Ke6 39. g4 Kd7 40. Nf3 Kc6 41. exf6 exf6 42. g5 fxg5 43. fxg5 Na6 44. Ne5+ Kb6 45. Kd2 Bf5 46. Bg4 Bxg4 47. Nxg4 Nc7 48. Nf6 Ne6 49. Ke3 Nxg5 50. h4 Nf7 51. Nxd5+ Kc6 52. Nc3 Nd6 53. d5+ Kb6 54. Kf4 Nc4 55. Nb1 h6 56. Ke4 Kc7 57. Kd4 Kd6 58. Ke4 g5 59. hxg5 hxg5 60. Nc3 Nxa3 61. Kf5 Nc2 62. Nxb5+ Kxd5 63. Nc3+ Kc4 64. Nxa4 Kxb4 65. Kxg5 1/2-1/2

[Event "Buenos Aires Duchamp op 1st"]
[Site "Buenos Aires"]
[Date "2011.09.21"]
[Round "8"]
[White "Gaitan, Juan Manuel"]
[Black "Novoa, Fernando"]
[Result "1/2-1/2"]
[WhiteElo "2181"]
[BlackElo "2049"]
[PlyCount "81"]
[EventDate "2011.09.12"]
[EventType "swiss"]
[EventRounds "9"]
[EventCountry "ARG"]
[SourceTitle "EXT 2014"]
[Source "ChessBase"]
[SourceDate "2013.11.20"]
[SourceVersion "1"]
[SourceVersionDate "2013.11.20"]
[SourceQuality "1"]

1. d4 d5 2. c4 e6 3. Nc3 Nf6 4. cxd5 exd5 5. Bg5 Be7 6. e3 c6 7. Bd3 Nbd7 8. Qc2 Nh5 9. Bxe7 Qxe7 10. Nge2 Nb6 11. h3 Be6 12. g4 Nf6 13. Nf4 0-0-0 14. Nxe6 fxe6 15. g5 Ne8 16. Bxh7 Qxg5 17. 0-0-0 Nd6 18. Rdg1 Qf6 19. f4 Nbc4 20. Nd1 Nxe3 21. Nxe3 Qxf4 22. Re1 Nc4 23. Bd3 Nxe3 24. Qd2 Ng2 25. Rxe6 Qxd2+ 26. Kxd2 Nf4 27. Re7 Nxd3 28. Kxd3 Rd7 29. Re3 Rf7 30. Rg1 Kd7 31. Rg5 Re8 32. Reg3 Ree7 33. h4 Kc7 34. h5 Kb6 35. Kc3 a6 36. Rg2 Rf3+ 37. Kc2 Rh3 38. Rxg7 Rxg7 39. Rxg7 Rxh5 40. a4 a5 41. b3 1/2-1/2

[Event "Buenos Aires Duchamp op 1st"]
[Site "Buenos Aires"]
[Date "2011.09.18"]
[Round "6"]
[White "Martyniuk, Carolina Milka"]
[Black "Novoa, Fernando"]
[Result "0-1"]
[WhiteElo "1979"]
[BlackElo "2049"]
[PlyCount "100"]
[EventDate "2011.09.12"]
[EventType "swiss"]
[EventRounds "9"]
[EventCountry "ARG"]
[SourceTitle "EXT 2014"]
[Source "ChessBase"]
[SourceDate "2013.11.20"]
[SourceVersion "1"]
[SourceVersionDate "2013.11.20"]
[SourceQuality "1"]

1. Nf3 Nf6 2. b3 g6 3. Bb2 Bg7 4. e3 d5 5. c4 c6 6. d4 0-0 7. Nc3 Nbd7 8. Bd3 a6 9. a4 a5 10. cxd5 Nxd5 11. Nxd5 cxd5 12. 0-0 Nf6 13. Nd2 Bf5 14. Nb1 Ne4 15. Na3 Nd6 16. Bxf5 Nxf5 17. Qd3 Nd6 18. Rac1 Qd7 19. Rc5 Ne4 20. Rc2 Rfc8 21. Rfc1 Nd6 22. h3 Bf6 23. Nb5 Rxc2 24. Rxc2 Nxb5 25. Qxb5 Qxb5 26. axb5 a4 27. bxa4 Rxa4 28. Rc5 Rb4 29. Bc3 Rb1+ 30. Kh2 e6 31. Ba5 Be7 32. Rc8+ Kg7 33. b6 Rb5 34. Ra8 Bb4 35. Bxb4 Rxb4 36. Kg3 Rxb6 37. f3 Rb2 38. Rb8 b5 39. Kf4 Rxg2 40. Rxb5 g5+ 41. Ke5 Rg3 42. e4 Rxf3 43. exd5 Rf5+ 44. Kd6 h5 45. Rc5 Rxd5+ 46. Rxd5 exd5 47. Kxd5 g4 48. hxg4 hxg4 49. Ke4 Kf8 50. Kf4 f5 0-1

[Event "Buenos Aires Duchamp op 1st"]
[Site "Buenos Aires"]
[Date "2011.09.17"]
[Round "5"]
[White "Novoa, Fernando"]
[Black "Pascual, Diego Nicolas"]
[Result "0-1"]
[WhiteElo "2049"]
[BlackElo "1974"]
[PlyCount "33"]
[EventDate "2011.09.12"]
[EventType "swiss"]
[EventRounds "9"]
[EventCountry "ARG"]
[SourceTitle "EXT 2014"]
[Source "ChessBase"]
[SourceDate "2013.11.20"]
[SourceVersion "1"]
[SourceVersionDate "2013.11.20"]
[SourceQuality "1"]

1. d4 Nf6 2. c4 g6 3. Nc3 Bg7 4. e4 d6 5. Be2 0-0 6. Bg5 c5 7. d5 e6 8. h3 exd5 9. exd5 h6 10. Be3 a6 11. a4 Re8 12. Qd2 Kh7 13. Bd3 Nbd7 14. Nf3 Ne5 15. Nxe5 Rxe5 16. 0-0 Nh5 17. f4 0-1

[Event "Pan American-ch U14"]
[Site "Cali"]
[Date "2011.07.??"]
[Round "7"]
[White "Novoa, Fernando"]
[Black "Leon Magallanes, Isaac David"]
[Result "1-0"]
[WhiteElo "1969"]
[BlackElo "1906"]
[PlyCount "65"]
[EventDate "2011.07.03"]
[EventType "swiss"]
[EventRounds "9"]
[EventCountry "COL"]
[SourceTitle "EXT 2024"]
[Source "ChessBase"]
[SourceDate "2023.10.10"]
[SourceVersion "1"]
[SourceVersionDate "2023.10.10"]
[SourceQuality "1"]

1. d4 Nf6 2. c4 g6 3. Nc3 Bg7 4. e4 d6 5. Be2 0-0 6. Bg5 Nbd7 7. Qd2 c6 8. f3 a5 9. Nh3 Ne8 10. Nf2 f6 11. Be3 e5 12. d5 Qe7 13. g4 f5 14. gxf5 gxf5 15. exf5 Ndf6 16. 0-0-0 Bxf5 17. Rhg1 cxd5 18. cxd5 Rc8 19. Bd3 Qd7 20. Rg5 Bxd3 21. Qxd3 b5 22. Kb1 b4 23. Nce4 Kh8 24. Rdg1 Bh6 25. R5g2 Bxe3 26. Qxe3 Nxd5 27. Qh6 Qf7 28. Nxd6 Nxd6 29. Qxd6 Rc7 30. Rg5 Re7 31. Ne4 Nf4 32. Rxe5 Rxe5 33. Qxe5+ 1-0

[Event "Pan American-ch U14"]
[Site "Cali"]
[Date "2011.07.??"]
[Round "4"]
[White "Valenzuela Martinez, Hermes"]
[Black "Novoa, Fernando"]
[Result "0-1"]
[WhiteElo "1833"]
[BlackElo "1969"]
[PlyCount "104"]
[EventDate "2011.07.03"]
[EventType "swiss"]
[EventRounds "9"]
[EventCountry "COL"]
[SourceTitle "EXT 2024"]
[Source "ChessBase"]
[SourceDate "2023.10.10"]
[SourceVersion "1"]
[SourceVersionDate "2023.10.10"]
[SourceQuality "1"]

1. d4 g6 2. Nf3 Nf6 3. Bg5 Bg7 4. Nbd2 d5 5. e3 Nbd7 6. c3 0-0 7. Bd3 c5 8. 0-0 b6 9. e4 cxd4 10. Nxd4 Nc5 11. Bc2 dxe4 12. Bxf6 exf6 13. Nxe4 f5 14. Nxc5 bxc5 15. Nb3 Qc7 16. Qd5 Rb8 17. Rab1 c4 18. Qc5 Qf4 19. g3 Qf3 20. Nd2 Qe2 21. Qe3 Qxe3 22. fxe3 Be6 23. Rfe1 Bh6 24. Nf3 Rfd8 25. Nd4 Rb6 26. e4 fxe4 27. Bxe4 Bg7 28. Red1 Bg4 29. Nf3 Rxd1+ 30. Rxd1 Rxb2 31. Rd8+ Bf8 32. Ne5 Be6 33. Bd5 Rd2 34. Nd7 Bxd5 35. Nf6+ Kg7 36. Rxd5 Rxd5 37. Nxd5 Bc5+ 38. Kg2 f5 39. Kf3 g5 40. Ne3 Bxe3 41. Kxe3 g4 42. Kd4 h5 43. Ke5 Kg6 44. Ke6 h4 45. Ke5 hxg3 46. hxg3 Kg5 47. a3 a6 48. a4 a5 49. Kd4 f4 50. gxf4+ Kxf4 51. Kxc4 g3 52. Kb5 g2 0-1

[Event "Pan American-ch U14"]
[Site "Cali"]
[Date "2011.07.??"]
[Round "2"]
[White "Villamil, Nahum Jose"]
[Black "Novoa, Fernando"]
[Result "0-1"]
[WhiteElo "1814"]
[BlackElo "1969"]
[PlyCount "76"]
[EventDate "2011.07.03"]
[EventType "swiss"]
[EventRounds "9"]
[EventCountry "COL"]
[SourceTitle "EXT 2024"]
[Source "ChessBase"]
[SourceDate "2023.10.10"]
[SourceVersion "1"]
[SourceVersionDate "2023.10.10"]
[SourceQuality "1"]

1. e4 c5 2. Nf3 Nc6 3. d4 cxd4 4. Nxd4 g6 5. Nc3 Bg7 6. Be3 Nf6 7. Bc4 0-0 8. Bb3 a5 9. 0-0 a4 10. Bc4 Ne5 11. Be2 d5 12. exd5 Nxd5 13. Nxd5 Qxd5 14. Nf5 Nf3+ 15. Bxf3 Qxf5 16. c3 Qb5 17. Qd2 Bf5 18. Rad1 Rac8 19. Be2 Qc6 20. Bh6 Bxh6 21. Qxh6 Rcd8 22. h4 Be4 23. f3 Bd5 24. h5 Qb6+ 25. Kh2 Qxb2 26. hxg6 fxg6 27. Qe3 Bf7 28. Kg3 Qxa2 29. Bd3 Qe6 30. Qf4 Qd6 31. Qxd6 Rxd6 32. Bc2 Rxd1 33. Rxd1 a3 34. Ra1 a2 35. Bd3 Rd8 36. Bf1 Bb3 37. Be2 Rd2 38. Bb5 Kg7 0-1

[Event "Buenos Aires Bolivar op 4th"]
[Site "Buenos Aires"]
[Date "2011.06.20"]
[Round "6"]
[White "Real de Azua, Ernesto"]
[Black "Novoa, Fernando"]
[Result "1-0"]
[WhiteElo "2416"]
[BlackElo "2031"]
[PlyCount "85"]
[EventDate "2011.06.13"]
[EventType "swiss"]
[EventRounds "9"]
[EventCountry "ARG"]
[SourceTitle "EXT 2014"]
[Source "ChessBase"]
[SourceDate "2013.11.20"]
[SourceVersion "1"]
[SourceVersionDate "2013.11.20"]
[SourceQuality "1"]

1. e4 d6 2. d4 Nf6 3. Nc3 e5 4. Nf3 Nbd7 5. Bc4 Be7 6. 0-0 0-0 7. Re1 c6 8. a4 a5 9. Ba2 h6 10. Nh4 exd4 11. Qxd4 d5 12. exd5 Nxd5 13. Nxd5 Bxh4 14. Nf4 Bf6 15. Qd1 Ne5 16. Qxd8 Rxd8 17. Nh5 Nd7 18. c3 Be5 19. Be3 Bd6 20. Rad1 Nf8 21. Bc5 Bg4 22. Nf6+ gxf6 23. Rxd6 Rxd6 24. Bxd6 Be6 25. Bb1 Nd7 26. Bc2 Nb6 27. Bf4 Kg7 28. Re3 f5 29. Rg3+ Kh7 30. Rh3 Rh8 31. Rxh6+ Kg8 32. Rxh8+ Kxh8 33. Bc7 Nc4 34. b3 Nd2 35. c4 Ne4 36. Bxa5 Nc5 37. f3 Na6 38. Kf2 Kg7 39. Ke3 Kf6 40. Kf4 Nc5 41. Bc3+ Ke7 42. Bb4 Kd6 43. Bxf5 1-0

[Event "Pan American U14"]
[Site "Bento Goncalves"]
[Date "2010.08.06"]
[Round "8"]
[White "Novoa, Fernando"]
[Black "Vazquez, Guillermo"]
[Result "0-1"]
[WhiteElo "1927"]
[BlackElo "2084"]
[PlyCount "134"]
[EventDate "2010.08.02"]
[EventType "swiss"]
[EventRounds "9"]
[EventCountry "BRA"]
[SourceTitle "EXT 2013"]
[Source "ChessBase"]
[SourceDate "2012.11.22"]
[SourceVersion "1"]
[SourceVersionDate "2012.11.22"]
[SourceQuality "1"]

1. d4 Nf6 2. c4 g6 3. Nc3 Bg7 4. e4 d6 5. Be2 0-0 6. Bg5 c5 7. d5 e6 8. Qd2 exd5 9. exd5 a6 10. a4 Re8 11. Nf3 Bg4 12. 0-0 Nbd7 13. h3 Bxf3 14. Bxf3 Qb6 15. Qc2 Nf8 16. Be2 N6d7 17. f4 h6 18. Bh4 Re3 19. Bf2 Re7 20. Bh4 Bd4+ 21. Kh1 Nf6 22. Bd3 Rae8 23. Rf3 Re3 24. Rxe3 Rxe3 25. Re1 Nh5 26. Rxe3 Bxe3 27. f5 g5 28. Be1 Bd4 29. g3 Nd7 30. Qe2 Nhf6 31. Qc2 Ne5 32. Be2 Qd8 33. Kg2 Qe7 34. Bf2 g4 35. Bxd4 cxd4 36. Ne4 gxh3+ 37. Kxh3 Ned7 38. Nxf6+ Nxf6 39. b4 a5 40. bxa5 Ne4 41. Kg2 Qe5 42. Qb3 Qxf5 43. Qf3 Qe5 44. Qg4+ Kf8 45. Qc8+ Kg7 46. Qg4+ Ng5 47. Bd3 Qe3 48. Qe2 Kf6 49. Qf1+ Kg7 50. Qe2 Qc1 51. Qc2 Qa3 52. c5 dxc5 53. Qc4 Qb2+ 54. Be2 Ne4 55. Kh3 Nd6 56. Qd3 c4 57. Qf3 Qd2 58. Qg4+ Kf8 59. Qd7 Qxe2 60. Qxd6+ Kg7 61. Qc5 Qf1+ 62. Kh4 Qh1+ 63. Kg4 Qe4+ 64. Kh3 c3 65. Qb5 d3 66. Qxb7 d2 67. a6 d1Q 0-1

[Event "Wch U12"]
[Site "Kemer"]
[Date "2009.11.12"]
[Round "1"]
[White "Novoa, Fernando"]
[Black "Das, Sayantan"]
[Result "0-1"]
[WhiteElo "1840"]
[BlackElo "2294"]
[PlyCount "62"]
[EventDate "2009.11.12"]
[EventType "swiss"]
[EventRounds "11"]
[EventCountry "TUR"]
[SourceTitle "EXT 2010"]
[Source "ChessBase"]
[SourceDate "2010.11.25"]
[SourceVersion "1"]
[SourceVersionDate "2010.11.25"]
[SourceQuality "1"]

1. d4 d5 2. c4 e5 3. dxe5 d4 4. Nf3 Nc6 5. g3 Nge7 6. Bg2 Ng6 7. Bg5 Qd7 8. 0-0 h6 9. Bc1 Ngxe5 10. Nbd2 Be7 11. b3 0-0 12. Bb2 Rd8 13. Nxe5 Nxe5 14. Nf3 Nxf3+ 15. Bxf3 c6 16. Bg2 Qg4 17. Bf3 Qg6 18. Qd2 Bg5 19. Qb4 Qc2 20. Rab1 Bh3 21. Rfd1 Rd7 22. Qe1 Rad8 23. Rd3 Bf5 24. Rdd1 Be4 25. Bxe4 Qxe4 26. Qf1 Be7 27. e3 d3 28. Bd4 b6 29. Rxd3 c5 30. f3 Qg6 31. f4 cxd4 0-1

[Event "Buenos Aires La Punta op"]
[Site "Buenos Aires"]
[Date "2009.05.25"]
[Round "1"]
[White "Novoa, Fernando"]
[Black "Quiroga, Facundo"]
[Result "0-1"]
[WhiteElo "1822"]
[BlackElo "2329"]
[PlyCount "62"]
[EventDate "2009.05.25"]
[EventType "swiss"]
[EventRounds "9"]
[EventCountry "ARG"]
[SourceTitle "CBM 130 Extra"]
[Source "ChessBase"]
[SourceDate "2009.07.02"]
[SourceVersion "2"]
[SourceVersionDate "2009.07.15"]
[SourceQuality "1"]

1. d4 Nf6 2. c4 e6 3. Nc3 Bb4 4. Qc2 0-0 5. Nf3 Nc6 6. e3 d6 7. Be2 e5 8. dxe5 dxe5 9. 0-0 Bxc3 10. bxc3 Bg4 11. Ba3 Re8 12. Rfd1 Qc8 13. e4 h6 14. Ne1 Bxe2 15. Qxe2 Qe6 16. Nf3 Na5 17. Nd2 Rad8 18. f3 Qa6 19. Bb4 Rd7 20. Rab1 Red8 21. Nb3 Qxc4 22. Rxd7 Rxd7 23. Qxc4 Nxc4 24. Nc5 Rd2 25. Nxb7 Rxa2 26. Bc5 Nh5 27. Rf1 Nf4 28. Bf2 Nd2 29. Rd1 Ne2+ 30. Kh1 Nxc3 31. Re1 Nxf3 0-1